000 005870000a22001810004500
003 MACL
005 20160514134731.0
008 160514b xxu||||| |||| 00| 0 eng d
040 _aMACL
_cMACL
041 _aHindi
082 _a891.433 BHA
100 _aभारदाज, शीतांशु
_957079
245 _aबाल मन की कहानियाॅ
_cशीतांशु भारदाज
260 _bपराग प्रकाशन
_c1999
_aनई दिल्‍ली
350 _a250
650 _aStories
_957080
942 _cHIN
_k891.433/BHA/S
_2ddc
999 _c17716
_d17716